| 000 | 00951nam a22002297a 4500 | ||
|---|---|---|---|
| 005 | 20240530110552.0 | ||
| 008 | 160218s2013 ua g b 000 0 ara d | ||
| 017 |
_a2012/3805 _bمصر . دار الكتب المصرية |
||
| 020 | _a9789773504576 | ||
| 040 | _aEG-CaGPL | ||
| 082 | 0 | 4 |
_221 _a364.13\ _bص م |
| 100 | 0 | _aصلاح الدين حسن السيسى | |
| 245 | 1 | 0 |
_aموسوعة جرائم الفساد الاقتصادى . _nالكتاب الثانى ، _pاقتصاد الفساد / _cصلاح الدين حسن السيسى |
| 250 | _aط1 | ||
| 260 |
_aالقاهرة : _bدار الكتاب الحديث ، _c2013 . |
||
| 300 |
_a292 ص ؛ _c24 سم . |
||
| 504 | _aيشتمل على ارجاعات ببليوجرافية | ||
| 650 | 0 | 4 |
_aالجرائم الاقتصادية _vدوائر معارف |
| 650 | 0 | 4 |
_aجرائم الاموال _vدوائر معارف |
| 942 |
_2ddc _cBK |
||
| 999 |
_c62490 _d62490 |
||